| 000 | 00791na a2200229 4500 | ||
|---|---|---|---|
| 001 | 17949 | ||
| 003 | MIRAKIL | ||
| 005 | 20181213154918.0 | ||
| 008 | 161108b tu 000 0 | ||
| 040 |
_aMilas _btur _cTR-AnCHP |
||
| 041 | _atur | ||
| 082 |
_a343.034 _bİ45 2008 |
||
| 090 | _a343.034 İ45 2008 | ||
| 245 |
_a2007 yılı merkezi yönetim kesin hesap kanunu tasarısı _bPlan ve bütçe komisyonunca kabul edilen metne ekli cetveller (gelir gider cetvelleri) _cTBMM |
||
| 260 |
_aAnkara _bTBMM _c2008 |
||
| 300 |
_a2. c.:527 s. _c25 sm. |
||
| 500 | _aKütüphanemizde 2. cilt bulunmaktadır. | ||
| 500 | _aTBMM 3. Dönem 3. yasama yılı S. Sayısı:313 | ||
| 650 |
_aBütçe _xKesin hesap kanunları _yCetveller |
||
| 650 |
_aBütçe _xKanun tasarıları |
||
| 942 |
_2ddc _cBKS |
||
| 999 |
_c3032 _d3032 |
||